| 000 | 00407nam a2200145Ia 4500 | ||
|---|---|---|---|
| 008 | 191206s9999 xx 000 0 und d | ||
| 020 | _a1842776746 (hb. : Ze | ||
| 090 | _aPN6071.P68 | ||
| 245 | 0 | _aConscience be my guide: an anthology of prison writings | |
| 250 | _a2nd rev. ed. | ||
| 260 | _aWeaver Press | ||
| 260 | _ccc2005 | ||
| 300 | _a"xxvi, 294 p. ; 23 cm." | ||
| 999 |
_c15737 _d15737 |
||